000 00390nam a22001457a 4500
008 241001b |||||||| |||| 00| 0 eng d
020 _a9788195815821
082 _a746
_bKUH
100 _aKUMAR, Pankaj
245 _aHome Textiles
260 _aGhaziabad:
_bNorthern India Textile Research Association,
_c2024.
650 _aTextile
700 _aArindam Basu (Ed.)
942 _2ddc
_cBK
999 _c12921
_d12921